01299nam a2200325 a 450000100060000000300080000600500170001400800410003103500190007203500190009104000270011004100080013708200240014509000150016924501450018424600400032926000420036930000350041149000410044650400450048765100460053265100640057865100760064283000170071870000280073583000430076394200120080699900170081895201380083524219BD-RjUL20211209001025.0140312s1955 enkb b 001 0 eng d a(BD-RjUL)24285 a(BD-RjUL)24285 aCSGcCSGdBD-RjULbeng aeng a942bENG V-9 1955 aE188b.J4600aEnglish historical documents :bAmerican colonial documents to 1776 /cedited by Merrill Jensen.nVOLUME IX.pENGLISH HISTORICAL DOCUMENTS .10aAmerican colonial documents to 1776 aLondon :bEyre & Spottiswoode,c1955. axxiv, 888 p. :bmaps ;c24 cm.1 aEnglish historical documents ;vv. 9 aIncludes index & Bibliography: p. 45-55. 0xGreat BritainxHistoryvSources. 9114965 0aGreat BritainxColonialzAmericaxHistoryvSources.9114966 0aUnited StatesxHistoryyColonial period, ca. 1600-1775vSources.974599 0vv. 991149671 aJensen, Merrill.970993 0aEnglish historical documents ;9114968 2ddccBK c24219d24219 00102ddc40718NFICaRUCLbRUCLcReadingd1958-11-16eA.B.Cg65.00l0o942 ENG V-9 1955r2014-03-12 00:00:00tC-1w2021-12-09yBK